Para un trabajo más satisfactorio

Gardado en:
Detalles Bibliográficos
Autor Principal: Foulkes, Fred K (Author)
Formato: Libro
Idioma:Lingua castelá
Publicado: Pamplona EUNSA 1976
Series:Dirección de Empresas y Organizaciones
Subjects:
Tags: Engadir etiqueta
Sen Etiquetas, Sexa o primeiro en etiquetar este rexistro!

MARC

LEADER 00000nam a2200000 a 4500
001 UCQ1089
003 CL-VaPUC
008 980709e19760000SP |||||||||||||||||spa|d
082 0 4 |a 658.3  |b FOU  |2 21 
100 0 |a Foulkes, Fred K  |e author  |9 414638 
245 1 0 |a Para un trabajo más satisfactorio 
300 |a 224 p 
942 |c BK 
945 |d 19980709 00:00:00  |a cmena 
260 |a Pamplona  |b EUNSA  |c 1976 
650 0 |a Recursos humanos   |9 228420 
650 0 |a Administración del personal  |9 260442 
650 0 |a Administración de empresas   |9 260833 
650 7 |a PLANIFICACION Y CONTROL  |2 CL-VaPUC  |9 414639 
650 0 |a Relaciones laborales   |9 335971 
650 0 |a Sindicatos  |9 255034 
650 0 |a Motivación   |9 315362 
583 |a last modification  |c 19980709 00:00:00  |k Rodrigo Vera 
490 0 |a Dirección de Empresas y Organizaciones 
999 |c 272093  |d 272091 
952 |0 0  |1 0  |4 0  |6 658_300000000000000_FOU_1976  |7 0  |8 A  |9 306948  |a BIBENE  |b BIBENE  |d 2019-11-20  |i 1433032  |o 658.3 FOU 1976  |p 1433032  |r 2025-01-15  |w 2019-11-20  |y BK  |k ICO